| 000 | 00698nam a2200265Ia 4500 | ||
|---|---|---|---|
| 003 | OSt | ||
| 005 | 20220912152232.0 | ||
| 006 | a|||||r|||| 00| 0 | ||
| 007 | ta | ||
| 008 | 220909b |||||||| |||| 00| 0 eng d | ||
| 024 | _a56763 | ||
| 037 | _cTextual | ||
| 040 |
_aCSL _beng _cCSL |
||
| 041 | _aeng | ||
| 082 | _aJ372:911:261, J6 CS | ||
| 100 | _aBhattacharya S C | ||
| 245 | 0 | _aClassification of citrus fruits of Asssam | |
| 260 |
_aNew Delhi _bICAR _c1956 |
||
| 300 |
_ap. _ccm. |
||
| 650 | _a Fruit | ||
| 650 | _aAgriculture | ||
| 700 | _a Dutta S | ||
| 942 |
_hJ372:911:261, J6 CS _cTEXL _2CC |
||
| 999 |
_c82621 _d82621 |
||